"Τηνίων Πολιτεία" : ανθολόγιο λογοτεχνίας και πολιτισμού
Αποθηκεύτηκε σε:
| Κύριος συγγραφέας: | |
|---|---|
| Μορφή: | Βιβλίο |
| Γλώσσα: | Greek |
| Δημοσίευση: |
[Χ.τ.] :
Δήμος Τήνου,
2001.
|
| Θέματα: | |
| Ετικέτες: |
Προσθήκη ετικέτας
Δεν υπάρχουν, Καταχωρήστε ετικέτα πρώτοι!
|
MARC
| LEADER | 00000cam a2200000 i 4500 | ||
|---|---|---|---|
| 001 | 1/17202 | ||
| 008 | 111223s2001 gr | ||| |||| ||gre|| | ||
| 035 | |l 10111627 | ||
| 040 | |a GR-MyUa |b gre |e AACR2 | ||
| 041 | 0 | |a gre | |
| 082 | 7 | |a 398.0949585 |2 (22) | |
| 100 | 1 | |a Φλωράκης, Αλέκος Ε., |d 1948- | |
| 245 | 1 | 0 | |a "Τηνίων Πολιτεία" : |b ανθολόγιο λογοτεχνίας και πολιτισμού / |c Αλέκος Ε. Φλωράκης. |
| 260 | |a [Χ.τ.] : |b Δήμος Τήνου, |c 2001. | ||
| 300 | |a 446 σ. : |b εικ. ; |c 24 εκ. | ||
| 500 | |a Περιλαμβάνει ευρετήριο. | ||
| 650 | 0 | |a Folklore |z Greece |z Tenos (Municipality) | |
| 651 | 0 | |a Tenos (Greece : Municipality) |x Social life and customs. | |
| 852 | |a INST |b SYROS |c KYK |e 20111223 |h 398.0949585 ΦΛΩ |p 005500009963 |q 005500009963 |t BK |y 0 | ||
| 901 | |a BIBL5-2011-2 | ||
| 970 | |a Κοντού |b Παρασκευή |z 23/12/2011 | ||